The mainstream law reports : MLR : a monthly legal journal. Volume XI /

Dades bibliogràfiques
Autor corporatiu: Bangladesh. Supreme Court. High Court Division, Bangladesh. Supreme Court. Appellate Division
Altres autors: Bakar, Khondaker Md. Abu
Format: Revista
Idioma:English
Bengali
Publicat: Dhaka : Shahanaj Khondaker, 2006-
Matèries:
LEADER 01481cas a2200337 4500
001 0021020
003 BD-DhAAL
008 101031s2006 bg mr p g w 0 0eng d
040 |a BD-DhAAL  |c BD-DhAAL 
041 0 |a eng  |a ben 
082 0 0 |a 348.5492046 
245 0 4 |a The mainstream law reports :  |b MLR : a monthly legal journal.  |n Volume XI /  |c edited by Khondaker Md. Abu Bakar 
246 3 0 |a MLR 
260 |a Dhaka :  |b Shahanaj Khondaker,   |c 2006- 
300 |a v. ;  |c 25 cm 
310 |a Monthly, with an annual cumulation 
362 0 |a Vol. 11 (2006)- 
500 |a Comprises four sections: Supreme Court of Bangladesh Appellate Division decisions, High Court Division decisions, Bangladesh statutes, and journal; each section paged separately, consecutively for the year. 
500 |a Cumulated in an annual bound volume. 
500 |a Latest issue consulted: Vol. 11, 2006 
541 |e 00021020 
546 |a In English; includes some text in Bengali. 
650 0 |a Law reports, digests, etc.   |z Bangladesh. 
650 0 |a Law   |z Bangladesh   |v Periodicals. 
700 1 |a Bakar, Khondaker Md. Abu  |9 3853 
710 1 |a Bangladesh.   |b Supreme Court.   |b High Court Division.  |9 3854 
710 1 |a Bangladesh.   |b Supreme Court.   |b Appellate Division.  |9 3855 
852 4 |a Ayesha Abed Library 
942 |2 ddc  |c 1HOUR 
999 |c 9974  |d 9974 
952 |0 0  |1 0  |2 ddc  |4 0  |6 348_549204600000000_MAI_2006  |7 0  |9 12949  |a BRACUL  |b SoL  |c REF  |d 2010-10-31  |l 0  |o 348.5492046 MAI  |p 3010021020  |r 2010-10-31  |w 2010-10-31  |y CR